| 000 | 00465 a2200169 4500 | ||
|---|---|---|---|
| 003 | OSt | ||
| 005 | 20240823105213.0 | ||
| 008 | 231019b |||||||| |||| 00| 0 eng d | ||
| 020 | _a9789933292188 | ||
| 040 | _coclc | ||
| 082 |
_a892.78 _2GAZ/H |
||
| 100 |
_aGazzil,Muhammed _910475 |
||
| 245 |
_aHAADA DEENINA / _cMuhammed Gazzali |
||
| 260 |
_aDimashq: _bDarul Kalam, _c2019. |
||
| 300 | _a263p | ||
| 942 |
_2ddc _cBK _h892.78 _k892.78 _eGAZ/H _mGAZ/H |
||
| 999 |
_c42627 _d42627 |
||